00442nmm a22001697a 450000500170000000800410001704100080005808200100006610000330007624500720010926000090018165000150019065000120020565000220021765000240023965000090026320161103173037.0161103b xxu||||| |||| 00| 0 spa d aspa aTU 44 aBrizuela Quirós, Margarita aInforme Práctica Supervisada en Agencia de Viajes Terra Incognita c2015 aCOSTA RICA aTURISMO aAGENCIA DE VIAJES aESTADOS FINANCIEROS aFODA